000 00544nam a2200181 a 4500
001 3587
005 20140414131948.0
008 050727s19uu xx 00 eng d
020 _a1-57768-862-7
050 _aTR 372.232
_bSu6 2003
245 0 _aSummer success :
_bfor the summer between grades 1-2.
260 _aColumbus, Ohio :
_bMcGraw-Hill Children's Pub.,
_c2003.
300 _a96 p. : ill. ; cm.
440 _aSummer Success Series
650 _aSummer school
_xJuvenile literature.
650 _aSummer activities.
999 _c112721
_d112721